[Event "Bahn-chHT"]
[Site "Winterberg"]
[Date "2004.09.28"]
[Round "3"]
[White "Gutsche, Juergen"]
[Black "Altner, Andreas"]
[Result "1/2-1/2"]
[WhiteElo "1505"]
[BlackElo "1559"]
[PlyCount "86"]
[EventDate "2004.09.26"]
[EventType "swiss"]
[EventRounds "7"]
[EventCountry "GER"]
[SourceTitle "EXT 2013"]
[Source "ChessBase"]
[SourceDate "2012.11.22"]
[SourceVersion "1"]
[SourceVersionDate "2012.11.22"]
[SourceQuality "1"]

1. e4 c5 2. Nc3 d6 3. f4 Nc6 4. Nf3 e5 5. Bc4 h6 6. f5 Nf6 7. d3 Be7 8. Be3 Ng4 9. Qe2 Nxe3 10. Qxe3 Nd4 11. Qf2 Qb6 12. Nxd4 Qxb2 13. Nb3 Qxc3+ 14. Qd2 Qxd2+ 15. Nxd2 a6 16. Bd5 Rb8 17. a4 b5 18. axb5 axb5 19. c4 b4 20. Nb3 0-0 21. Na5 Bg5 22. Ke2 b3 23. h4 b2 24. hxg5 bxa1Q 25. Rxa1 hxg5 26. Kf3 Rb2 27. Nc6 Re8 28. Rg1 Bd7 29. Kg4 Bxc6 30. Bxc6 Reb8 31. Bd5 R8b3 32. Kxg5 Rxd3 33. g4 Rxd5 34. exd5 Rc2 35. f6 Rxc4 36. Ra1 gxf6+ 37. Kxf6 Rxg4 38. Ra8+ Kh7 39. Kxf7 Kh6 40. Ke6 Rg6+ 41. Kf5 Kh5 42. Rh8+ Rh6 43. Rg8 Kh4 1/2-1/2